L'histoire ne s'arrête pas

שמור ב:
מידע ביבליוגרפי
מחבר ראשי: Arthur M Schlesinger
פורמט: ספר
שפה:Undetermined
יצא לאור: Paris Nouveaux Horizons 1971
נושאים:
תגים: הוספת תג
אין תגיות, היה/י הראשונ/ה לתייג את הרשומה!
Thư viện lưu trữ: Trung tâm Học liệu Trường Đại học Cần Thơ
LEADER 00480nam a2200181Ia 4500
001 CTU_10674
008 210402s9999 xx 000 0 und d
082 |a 940 
082 |b S342 
100 |a Arthur M Schlesinger 
245 0 |a L'histoire ne s'arrête pas 
245 0 |c Arthur M Schlesinger 
260 |a Paris 
260 |b Nouveaux Horizons 
260 |c 1971 
650 |a world history 
904 |i Minh, 961011 
980 |a Trung tâm Học liệu Trường Đại học Cần Thơ